ბათუმის შოთა რუსთაველის სახელმწიფო უნივერსიტეტის ბიბლიოთეკა

წელიწდეული : (ბიბ.ჩანაწერი № 62595)

000 -ლიდერი
ფიქსირებული სიგრძის საკონტროლო ველი 01288nam a22002177a 4500
003 - საკონტროლო ნომრის იდენტიფიკატორი
საკონტროლო ველი Ge_BSU
005 - ბოლო ოპერაციის თარიღი და დრო
საკონტროლო ველი 20241213133117.0
008 - ფიქსირებული სიგრძის მონაცემთა ელემენტები - ზოგადი ინფორმაცია
ფიქსირებული სიგრძის საკონტროლო ველი 241213s2023 ge ||||| |||| 00| 0 geo d
020 ## - წიგნის საერთაშორისო სტანდარტული ნომერი
International Standard Book Number 19879288
041 ## - ენის კოდი
Language code of text/sound track or separate title geo
080 ## - უნივერსალური ათობითი კლასიფიკაციის ინდექსი
Universal Decimal Classification number 001(479.22)(058) წ-35
245 ## - ცნობა სათაურის შესახებ
Title წელიწდეული :
Remainder of title XV /
Statement of responsibility, etc პროექტის დირექტორი გრიგოლ ქობალიანი; რედ. ნ. ბართაია, ლ. ბებურიშვილი და სხვ.; ქუთაისის ილია ჭვჭავაძის სახელობის საჯარო ბიბლიოთეკა.
264 ## - წარმოების, გამოცემის, დისტრიბუციის და სხვა ცნობები
გამოცემის, წარმოების, დისტრიბუციის... ადგილი ქუთაისი,
გამოცემის, წარმოების, დისტრიბუციის... თარიღი 2023.
300 ## - ფიზიკური აღწერა
Extent 376 გვ.;
Other physical details 24 სმ.
653 ## - INDEX TERM--UNCONTROLLED
Uncontrolled term წელიწდეული
700 ## - ADDED ENTRY--PERSONAL NAME
Personal name ქობალიანი, გრიგოლ
Relator term პროექტის დირექტორი
9 (RLIN) 13620
700 ## - ADDED ENTRY--PERSONAL NAME
Personal name ბართაია, ნ.
Relator term რედაქტორი
9 (RLIN) 23324
700 ## - ADDED ENTRY--PERSONAL NAME
Personal name ბებურიშვილი ლ. და სხვ.;
Relator term რედაქტორი
9 (RLIN) 23973
710 ## - ADDED ENTRY--CORPORATE NAME
Corporate name or jurisdiction name as entry element ქუთაისის ილია ჭვჭავაძის სახელობის საჯარო ბიბლიოთეკა.
9 (RLIN) 23974
942 ## - ADDED ENTRY ELEMENTS (KOHA)
Source of classification or shelving scheme
Koha item type წიგნი
ეგზემპლარები
ჩამოწერის სტატუსი დაკარგული ეგზემპლარის სტატუსი კლასიფიკაციის წყარო ან თაროზე გაწყობის სქემა დაზიანების სტატუსი არ გაიცემა მუდმივი მდებარეობა (დაცვის ადგილი) ამჟამინდელი ადგილსამყოფელი თაროზე განთავსების ადგილი შეძენის თარიღი ღირებულება, შესყიდვის ნორმალური ფასი სრული შენახვის შიფრი შტრიხკოდი ბოლო ოპერაციის თარიღი ეგზემპლარის მიმდევრობითი ნომერი (კეტერი?) ფასის ძალაში შესვლის თარიღი ეგზემპლარის სახეობა საჯარო შენიშვნა
          ბათუმის შოთა რუსთაველის სახელმწიფო უნივერსიტეტის მთავარი ბიბლიოთეკა ბათუმის შოთა რუსთაველის სახელმწიფო უნივერსიტეტის მთავარი ბიბლიოთეკა წიგნსაცავი 2024-12-13 5.00 001(479.22)(058) წ-35 69979 2024-12-13 69979 2024-12-13 წიგნი 5 ლ.
          ბათუმის შოთა რუსთაველის სახელმწიფო უნივერსიტეტის მთავარი ბიბლიოთეკა ბათუმის შოთა რუსთაველის სახელმწიფო უნივერსიტეტის მთავარი ბიბლიოთეკა წიგნსაცავი 2024-12-13 5.00 001(479.22)(058) წ-35 69978 2024-12-13 69978 2024-12-13 წიგნი 5 ლ.